Biểu thuế nhập khẩu ưu đãi 2003 và văn bản hướng dẫn thực hiện
Zapisane w:
| Format: | Książka |
|---|---|
| Język: | Undetermined |
| Wydane: |
Tp. Hồ Chí Minh
Thống Kê
2003
|
| Hasła przedmiotowe: | |
| Etykiety: |
Dodaj etykietę
Nie ma etykietki, Dołącz pierwszą etykiete!
|
| Thư viện lưu trữ: | Trung tâm Học liệu Trường Đại học Cần Thơ |
|---|
| LEADER | 00637nam a2200193Ia 4500 | ||
|---|---|---|---|
| 001 | CTU_97558 | ||
| 008 | 210402s9999 xx 000 0 und d | ||
| 020 | |c 232000 | ||
| 082 | |a 336.263009597 | ||
| 082 | |b B309 | ||
| 245 | 0 | |a Biểu thuế nhập khẩu ưu đãi 2003 và văn bản hướng dẫn thực hiện | |
| 245 | 0 | |c Quốc Cường, Thanh Thảo sưu tầm | |
| 260 | |a Tp. Hồ Chí Minh | ||
| 260 | |b Thống Kê | ||
| 260 | |c 2003 | ||
| 650 | |a Foreign trade regulation,Taxation | ||
| 650 | |z Vietnam | ||
| 904 | |i Tuyến | ||
| 980 | |a Trung tâm Học liệu Trường Đại học Cần Thơ | ||